01569nam a2200385 a 4500001001100000003000800011006001900019007001500038008004100053010001700094020003500111040002100146035002100167050002400188082002100212100002100233240002300254245019000277260003600467300001600503490002400519500009700543504004100640533015200681650003500833655002900868700003200897700002100929700002600950700002500976710001701001830002501018856012501043999001501168ebr5001644CaPaEBRm u cr cn|||||||||010226r20011999mau sb 000 0 eng  z 2001025433 z0807043230 (pbk. : alk. paper) aCaPaEBRcCaPaEBR a(OCoLC)55926556914aJK1991b.D67 2001eb04a324.7/8/09732211 aDonnelly, David.10aMoney and politics10aAre elections for sale?h[electronic resource] /cDavid Donnelly, Janice Fine, and Ellen S. Miller ; edited by Joshua Cohen and Joel Rogers for Boston review ; [foreword by Gore Vidal]. aBoston :bBeacon Press,cc2001. axvii, 97 p.1 aNew democracy forum aOriginally published as: Money and politics : financing our elections democratically. c1999. aIncludes bibliographical references. aElectronic reproduction.bPalo Alto, Calif. :cebrary,d2013.nAvailable via World Wide Web.nAccess may be limited to ebrary affiliated libraries. 0aCampaign fundszUnited States. 7aElectronic books.2local1 aFine, Janiceq(Janice Ruth)1 aMiller, Ellen S.1 aCohen, Joshua,d1951-1 aRogers, Joel,d1952-2 aebrary, Inc. 0aNew democracy forum.40uhttp://site.ebrary.com/lib/rucke/Doc?id=5001644zAn electronic book accessible through the World Wide Web; click to view c1261d1261